| 000 | 00914nam a2200217 i 4500 | ||
|---|---|---|---|
| 001 | 20224 | ||
| 003 | ES-MaACL | ||
| 005 | 20230906152246.0 | ||
| 007 | t| | ||
| 008 | 021108s1883 sp ||||1| spa d | ||
| 245 | 0 | 4 | _aLas aguas termales bicarbonatadas-cálcicas, antimonio-arsenicales de Alhama de Aragón, en la Exposición Nacional de 1883. |
| 260 |
_aMadrid : _b[s.n.], _c1883 ( _fEst. Tip. de M. Minuesa) |
||
| 300 |
_a13 p. ; _c22 cm. |
||
| 500 | _aEjemplar carente de portada. | ||
| 530 | _aDisponible en formato digital. | ||
| 650 | 4 |
_aAguas minerales- _zAlhama de Aragón. _9159261 |
|
| 650 | 4 |
_aFuentes termales- _zAragón. _9172334 |
|
| 711 | 2 |
_aExposición Nacional de Minería, Artes Metalúrgicas, Cerámica, Cristalería y Aguas Minerales ( _d1883. _cMadrid) _9707 |
|
| 852 |
_aES-MaACL _jT-431-F-16 |
||
| 856 |
_uhttp://bdh-rd.bne.es/viewer.vm?id=0000095336&page=1 _zBiblioteca Digital Hispánica |
||
| 999 |
_c20224 _d20224 |
||